Remote sensing of atmosphere and ocean from space : models, instruments and techniques
Αποθηκεύτηκε σε:
| Κύριος συγγραφέας: | |
|---|---|
| Συγγραφή απο Οργανισμό/Αρχή: | |
| Άλλοι συγγραφείς: | |
| Μορφή: | Πρακτικό Συνεδρίου Βιβλίο |
| Γλώσσα: | English |
| Δημοσίευση: |
Dordrecht; Boston :
Kluwer Academic Publishers,
c2002
|
| Σειρά: | Advances in global change research ;
; 13 |
| Θέματα: | |
| Ετικέτες: |
Προσθήκη ετικέτας
Δεν υπάρχουν, Καταχωρήστε ετικέτα πρώτοι!
|
MARC
| LEADER | 00000nam a2200000 i 4500 | ||
|---|---|---|---|
| 001 | 1/41501 | ||
| 008 | 031007s2002 eng d | ||
| 020 | |a 1-4020-0943-7 | ||
| 035 | |l 10071000 | ||
| 040 | |a GR-MY-UA |b gre |e aacr | ||
| 041 | 0 | |a eng | |
| 082 | 0 | |a 551.5 |2 (21) | |
| 100 | 1 | |a Marzano, Frank S. | |
| 245 | 1 | 0 | |a Remote sensing of atmosphere and ocean from space : |b models, instruments and techniques / |c edited by Frank S. Marzano and Guido Visconti |
| 260 | |a Dordrecht; Boston : |b Kluwer Academic Publishers, |c c2002 | ||
| 300 | |a x, 246 σ.; |b εικ.; |c 24 εκ. | ||
| 490 | 1 | |a Advances in global change research |v ; 13 | |
| 504 | |a Περιέχει βιβλιογραφία | ||
| 650 | 0 | 0 | |a Atmosphere |x Remote sensing |x Congresses. |
| 650 | 0 | 0 | |a Oceanography |x Remote sensing |x Congresses. |
| 650 | 0 | 0 | |a Artificial satellites in remote sensing |x Congresses. |
| 650 | 0 | 0 | |a Artificial satellites in oceanography |x Congresses. |
| 700 | 1 | |a Visconti, Guido |d 1943- | |
| 711 | 2 | |a International Summer School on Atmospheric and Oceanic Sciences |n (1st: |d 2000: |c L'Aquila, Italy) | |
| 830 | 0 | |a Advances in global change research ; |v ; 13 | |
| 852 | |a INST |b LESVOS |e 20031007 |h 551.5 REM |p 005100026725 |q 005100026725 |t BK |y 0 | ||
| 901 | |a BIBL1-2003-3 | ||
| 909 | |a Λ |b 106227 | ||
| 922 | |a 1ΕΛΗ |b 200309 |c ΕΠΕΑΕΚ2/ΤΓ |d ΜΙΧΑΛΟΠΟΥΛΟΣ | ||
| 950 | |a 118-2003-06-09 | ||
| 970 | |a ΚΑΡΑ |b ΓΙΑΣΕΜΗ |z 2003/10/14 | ||